000 00979nam a22002537a 4500
005 20170124103054.0
010 _aA-575123
020 _c60.00
_a818544532
035 _aA-575123
037 _bCen Lib/Ret
040 _aDPL
_bHN
082 _a
_bशिवकु
100 _aशिव कुमार शिव
_943299
245 _aजूते /
_cशिव कुमार शिव
246 _aJute
_bby Shivkumar Shiv
260 _a दिल्ली
_bमानक पब्लिकेशन
_c1992
270 _a3ए -वीर सावरकर ब्लाक मधबन रोड शकरपुर
_b दिल्ली
_e1100392
300 _a95पृष्ठ.
_c20सेमी(सजिल्द)
650 _aहिंदी साहित्य
_971525
650 _aहिंदी कहानी
_971526
650 _ahindi literature
_971527
650 _ahindi story
_943117
942 _2ddc
_cHN
_h
_mशिवकु
999 _c117358
_d117358